000 00952cam a2200265 4500
001 WB3543-05
008 000000n1999 000 0 eng u
035 _a(Sirsi) u101463
245 _aQuality in construction
260 _c1999
490 _aRICS Press Release
_v(246) 1 November 1999 (1)
520 _aThe RICS construction market panel has pledged its support for the introduction of housing quality indicators (HQIs) for Housing Corporation fund bids. These will form some of the criteria for judging a bidder's commitment to the improved processes of the Rethinking Construction agenda.
590 _aWB
650 _aCONSTRUCTION MARKET PANEL
650 _aRICS
650 _aHOUSING QUALITY INDICATORS
650 _aHOUSING CORPORATION
650 _aBIDS
650 _aEGAN REFORMS
650 _aEGAN REFORMS
650 _aQUALITY ASSESSMENT
650 _aQUALITY MEASUREMENT
690 _aBUILT ENVIRONMENT
942 _n0
999 _c60596
_d60596